Statistiques concernant LEC Champions

Cliquez ici pour prendre le quiz!

Statistiques générales

  • Ce quiz a été pris 286 fois
    (269 depuis la dernière actualisation)
  • Le résultat moyen est 32 sur 53

Statistiques - réponses

Réponse% Correct
Fnatic
99%
G2
99%
Mad Lions
94%
Caps
91%
Rekkles
91%
Rogue
91%
Jankos
88%
Nisqy
88%
Brokenblade
87%
Hans sama
87%
Perkz
87%
Wunder
85%
Mikyx
84%
Yike
83%
Carzzy
82%
Hylissang
81%
Elyoya
80%
Larssen
80%
Humanoid
79%
Targamas
79%
Bwipo
77%
Yellowstar
77%
Soaz
76%
Odoamne
75%
Comp
74%
Flakked
74%
Malrang
73%
Trymbi
72%
Armut
70%
Kaiser
69%
Chasy
64%
Xpeke
63%
Broxah
61%
Huni
52%
Alliance
50%
Steeelback
49%
Zven
49%
Febiven
48%
Reignover
40%
Mithy
39%
Cyanide
38%
Trick
33%
Froggen
30%
Expect
28%
Kikis
19%
Emperor
18%
Hybrid
16%
Nrated
13%
Shook
13%
Tabzz
13%
Wickd
12%
Puszu
11%
Nyph
8%

Distribution des résultats

Percentile par nombre de réponses

% des personnes avec chaque résultat

Votre développement - résultats

Vous n’avez pas pris ce quiz depuis la dernière actualisation